Các thực nghiệm trong tâm lí học xã hội : Sách chuyên khảo dành cho học viên cao học và sinh viên Tâm lí học
Đã lưu trong:
| 主要作者: | |
|---|---|
| 格式: | Sách |
| 語言: | Undetermined |
| 出版: |
Đại học Quốc gia Hà Nội
2014
|
| 主題: | |
| 標簽: |
添加標簽
沒有標簽, 成為第一個標記此記錄!
|
| Thư viện lưu trữ: | Trung tâm Thư viện - Trường Đại học Công nghiệp TP. Hồ Chí Minh |
|---|
| LEADER | 00657nam a2200157Ia 4500 | ||
|---|---|---|---|
| 001 | UIH_02983 | ||
| 008 | 231011s9999 xx 000 0 und d | ||
| 082 | |a 302 | ||
| 100 | |a Trần, Thị Minh Đức | ||
| 245 | 0 | |a Các thực nghiệm trong tâm lí học xã hội : Sách chuyên khảo dành cho học viên cao học và sinh viên Tâm lí học | |
| 245 | 0 | |c Trần, Thị Minh Đức | |
| 260 | |b Đại học Quốc gia Hà Nội | ||
| 260 | |c 2014 | ||
| 650 | |a Tâm lý học xã hội; | ||
| 927 | |a Sách | ||
| 980 | |a Trung tâm Thư viện - Trường Đại học Công nghiệp TP. Hồ Chí Minh | ||